<?xml version="1.0" encoding="UTF-8"?>
<record
    xmlns:xsi="http://www.w3.org/2001/XMLSchema-instance"
    xsi:schemaLocation="http://www.loc.gov/MARC21/slim http://www.loc.gov/standards/marcxml/schema/MARC21slim.xsd"
    xmlns="http://www.loc.gov/MARC21/slim">

  <leader>03053nam a2200373 i 4500</leader>
  <controlfield tag="001">40824</controlfield>
  <controlfield tag="003">ES-MaACL</controlfield>
  <controlfield tag="005">20251011063059.0</controlfield>
  <controlfield tag="007">t|</controlfield>
  <controlfield tag="008">030307m17791792sp           |||| | spa d</controlfield>
  <datafield tag="100" ind1="1" ind2=" ">
    <subfield code="a">Capmany y de Montpalau, Antonio de, </subfield>
    <subfield code="d">1742-1813</subfield>
    <subfield code="9">34868</subfield>
  </datafield>
  <datafield tag="245" ind1="1" ind2="0">
    <subfield code="a">Memorias hist&#xF3;ricas sobre la marina, comercio y artes de la antigua ciudad de Barcelona / </subfield>
    <subfield code="c">publicadas por disposici&#xF3;n y a expensas de la Real Junta y Consulado de Comercio de la misma ciudad y dispuestas por D. Antonio de Capmany y de Montpalau.</subfield>
  </datafield>
  <datafield tag="260" ind1=" " ind2=" ">
    <subfield code="a">Madrid : </subfield>
    <subfield code="b">en la Imprenta de D. Antonio de Sancha, </subfield>
    <subfield code="c">1779-1792.</subfield>
  </datafield>
  <datafield tag="300" ind1=" " ind2=" ">
    <subfield code="a">4 v. ([6], XXIV, [2], 185 p., [1] en bl., [2], 260, [2], 148, VI, [2] p. ; [4], XVI, [2], 471 p., [1] en bl., XIII p., [1] en bl., XXX, [2], 124, III p., [1] en bl., [2] p. ; [4], XX, [2], 377 p., [1] en bl., XIX p., [1] en bl. ; [6], XXXIV, 418, 132 [i.e. 139] p., [1] en bl.) : il. ; </subfield>
    <subfield code="c">27 cm.</subfield>
  </datafield>
  <datafield tag="505" ind1="8" ind2=" ">
    <subfield code="a">Contiene: I. [Memorias hist&#xF3;ricas. Parte primera: Antigua marina. Parte segunda: Del antiguo comercio. Parte tercera: de las antiguas artes] - II. [Colecci&#xF3;n diplom&#xE1;tica de los instrumentos justificativos de las presentes memorias, sacados de varios libros, registros, y c&#xF3;dices del Archivo municipal de Barcelona] - III. [Suplemento a las memorias hist&#xF3;ricas. Parte primera: Antigua marina. Parte segunda: Del antiguo comercio. Parte tercera: Antiguas artes] - IV. [Suplemento a la colecci&#xF3;n diplom&#xE1;tica. Contiene los instrumentos justificativos del tomo III]</subfield>
  </datafield>
  <datafield tag="530" ind1=" " ind2=" ">
    <subfield code="a">Disponible en formato digital.</subfield>
  </datafield>
  <datafield tag="596" ind1=" " ind2=" ">
    <subfield code="a">V. I-II (1779) ; V. III-IV (1792)</subfield>
  </datafield>
  <datafield tag="597" ind1=" " ind2=" ">
    <subfield code="a">Sign.: [ ]&#xB3;, A-C4, [ ]&#xB9;, A-Z4, 2A&#xB9;, A-Z4, 2A-2I4, 2K&#xB3;, A-S4, T&#xB3;, &#xB6;4 ; [ ]&#xB9;, A-B4, [ ]&#xB9;, A-Z4, 2A-2X4, 2Y&#xB2;, 2Z4, 3A-3O4, 3P5, 2A5, a-d4, A-P4, Q&#xB2;, * ; [ ]4, B-C4, A-Z4, 2A-2Z4, 3A-3D4 ; [ ]&#xB3;, B-E4, A-Z4, 2A-2Z4, 3A-3F4, 3G&#xB9;, A-R4, S&#xB2;.</subfield>
  </datafield>
  <datafield tag="597" ind1=" " ind2=" ">
    <subfield code="a">Error de paginaci&#xF3;n en 2&#xAA; secuencia del v. IV: de p. 136 pasa a p. 131.</subfield>
  </datafield>
  <datafield tag="597" ind1=" " ind2=" ">
    <subfield code="a">Port. de v. I-II a dos tintas, y las 4 port. con grab. calcogr&#xE1;ficos.</subfield>
  </datafield>
  <datafield tag="597" ind1=" " ind2=" ">
    <subfield code="a">Anteportadas y apostillas marginales.</subfield>
  </datafield>
  <datafield tag="599" ind1=" " ind2=" ">
    <subfield code="a">Las il. son grab. calcogr&#xE1;ficos firmados por: "M&#xF2;les la grav&#xF3; en Barcelona 1779 Camar&#xF3;n la invent&#xF3;"; "A. Carnicero invt. F. S. sc" "Monta&#xF1;a lo dibuj&#xF3; M&#xF3;les lo grab&#xF3; en Barcelona. 1779" "A. Canicero la invento P.P. M&#xF3;les la grab&#xF3; en Barcelona. 1780"</subfield>
  </datafield>
  <datafield tag="650" ind1=" " ind2="4">
    <subfield code="a">Marina de guerra-</subfield>
    <subfield code="z">Catalu&#xF1;a.</subfield>
    <subfield code="9">153325</subfield>
  </datafield>
  <datafield tag="650" ind1=" " ind2="4">
    <subfield code="a">Comercio-</subfield>
    <subfield code="z">Barcelona.</subfield>
    <subfield code="9">153326</subfield>
  </datafield>
  <datafield tag="651" ind1=" " ind2="4">
    <subfield code="a">Barcelona-</subfield>
    <subfield code="x">Historia.</subfield>
    <subfield code="9">7862</subfield>
  </datafield>
  <datafield tag="700" ind1="1" ind2=" ">
    <subfield code="a">Camar&#xF3;n Bonanat, Jos&#xE9;,</subfield>
    <subfield code="d">1731-1803</subfield>
    <subfield code="9">153327</subfield>
  </datafield>
  <datafield tag="700" ind1="1" ind2=" ">
    <subfield code="a">Monta&#xF1;a, Pere Pau, </subfield>
    <subfield code="d">1749-1803</subfield>
    <subfield code="9">153328</subfield>
  </datafield>
  <datafield tag="700" ind1="1" ind2=" ">
    <subfield code="a">Moles, Pascual Pedro, </subfield>
    <subfield code="d">1741-1797</subfield>
    <subfield code="9">153329</subfield>
  </datafield>
  <datafield tag="700" ind1="1" ind2=" ">
    <subfield code="a">Carnicero, Antonio.</subfield>
    <subfield code="9">35379</subfield>
  </datafield>
  <datafield tag="710" ind1="2" ind2=" ">
    <subfield code="a">Junta de Comercio de Barcelona</subfield>
    <subfield code="9">134592</subfield>
  </datafield>
  <datafield tag="852" ind1=" " ind2=" ">
    <subfield code="a">ES-MaACL</subfield>
    <subfield code="j">R-1897-1900   </subfield>
    <subfield code="z">- Enc. piel   </subfield>
    <subfield code="z">- Sello con la leyenda: "Inventariado por las Cortes, 1874". Olim: G-13144-47</subfield>
  </datafield>
  <datafield tag="856" ind1=" " ind2=" ">
    <subfield code="u">http://bdh-rd.bne.es/viewer.vm?pid=d-3209759 </subfield>
    <subfield code="z">Biblioteca Digital Hisp&#xE1;nica</subfield>
  </datafield>
  <datafield tag="999" ind1=" " ind2=" ">
    <subfield code="c">40824</subfield>
    <subfield code="d">40824</subfield>
  </datafield>
  <datafield tag="952" ind1=" " ind2=" ">
    <subfield code="0">0</subfield>
    <subfield code="1">0</subfield>
    <subfield code="4">0</subfield>
    <subfield code="7">0</subfield>
    <subfield code="8">Colecci&#xF3;n_digital</subfield>
    <subfield code="a">ATENEOM</subfield>
    <subfield code="b">ATENEOM</subfield>
    <subfield code="c">DEPO</subfield>
    <subfield code="d">2008-01-17</subfield>
    <subfield code="e">SC</subfield>
    <subfield code="l">0</subfield>
    <subfield code="o">R-1897-1900</subfield>
    <subfield code="p">1042974</subfield>
    <subfield code="r">2023-02-23 00:00:00</subfield>
    <subfield code="w">2023-02-23</subfield>
    <subfield code="y">MONANT</subfield>
  </datafield>
</record>
